Allotment of P.W.D. quarters to panchayat staff in Rampur district: a case study (Record no. 475668)
[ view plain ]
| 000 -LEADER | |
|---|---|
| fixed length control field | 00488cam a22001337a 4500 |
| 008 - FIXED-LENGTH DATA ELEMENTS--GENERAL INFORMATION | |
| fixed length control field | 180718b1968 xxu||||| |||| 00| 0 eng d |
| 082 ## - DEWEY DECIMAL CLASSIFICATION NUMBER | |
| Classification number | XA35x5421 In2 |
| 100 ## - MAIN ENTRY--PERSONAL NAME | |
| Personal name | Trivedi, Harshad R. |
| 245 ## - TITLE STATEMENT | |
| Title | Allotment of P.W.D. quarters to panchayat staff in Rampur district: a case study |
| Statement of responsibility, etc. | by Harshad R. Trivedi |
| 260 ## - PUBLICATION, DISTRIBUTION, ETC. | |
| Place of publication, distribution, etc. | New Delhi |
| Name of publisher, distributor, etc. | Indian Institute of Public Administration |
| Date of publication, distribution, etc. | 1968 |
| 300 ## - PHYSICAL DESCRIPTION | |
| Extent | 20p. |
| 650 ## - SUBJECT ADDED ENTRY--TOPICAL TERM | |
| Topical term or geographic name entry element | Housing - India - U.P. |
| 700 ## - ADDED ENTRY--PERSONAL NAME | |
| Personal name | Indian Institute of Public Administration |
| Withdrawn status | Lost status | Damaged status | Not for loan | Permanent Location | Current Location | Date acquired | Full call number | Barcode | Date last seen | Price effective from | Koha item type |
|---|---|---|---|---|---|---|---|---|---|---|---|
| Indian Institute of Public Administration | Indian Institute of Public Administration | 2018-08-04 | XA35x5421 In2 | GR8827 | 2018-08-04 | 2018-08-04 | GR | ||||
| Indian Institute of Public Administration | Indian Institute of Public Administration | 2018-08-04 | XA35x5421 In2 | GR8825 | 2018-08-04 | 2018-08-04 | GR | ||||
| Indian Institute of Public Administration | Indian Institute of Public Administration | 2018-08-04 | XA35x5421 In2 | GR8824 | 2018-08-04 | 2018-08-04 | GR | ||||
| Indian Institute of Public Administration | Indian Institute of Public Administration | 2018-08-04 | XA35x5421 In2 | GR8823 | 2018-08-04 | 2018-08-04 | GR | ||||
| Indian Institute of Public Administration | Indian Institute of Public Administration | 2018-08-04 | XA35x5421 In2 | GR8822 | 2018-08-04 | 2018-08-04 | GR | ||||
| Indian Institute of Public Administration | Indian Institute of Public Administration | 2018-08-04 | XA35x5421 In2 | GR8821 | 2018-08-04 | 2018-08-04 | GR |
